|
|
|
|
| LEADER |
00000nam0a2200000 4500 |
| 001 |
310890 |
| 005 |
20231102002330.0 |
| 020 |
|
|
|a RU
|b 82-19456
|
| 035 |
|
|
|a (RuTPU)RU\TPU\book\336243
|
| 090 |
|
|
|a 310890
|
| 100 |
|
|
|a 20151130d1982 km y0rusy5003 ca
|
| 101 |
0 |
|
|a rus
|
| 102 |
|
|
|a UA
|
| 105 |
|
|
|a a z 001zy
|
| 200 |
1 |
|
|a Геометрия задних поверхностей сверл и способы их формообразования
|f Н. А. Криштопа, Т. П. Родина
|
| 210 |
|
|
|a Киев
|c Вища школа
|d 1982
|
| 215 |
|
|
|a 128 с.
|c ил.
|
| 320 |
|
|
|a Библиогр.: с. 127
|
| 606 |
1 |
|
|a Сверла
|x Заточка
|x Восстановление
|2 stltpush
|3 (RuTPU)RU\TPU\subj\54055
|9 72217
|
| 610 |
1 |
|
|a задние поверхности
|
| 610 |
1 |
|
|a геометрия
|
| 610 |
1 |
|
|a формообразование
|
| 610 |
1 |
|
|a вращательные движения
|
| 610 |
1 |
|
|a зубья
|
| 610 |
1 |
|
|a конические поверхности
|
| 610 |
1 |
|
|a шлифовальные круги
|
| 610 |
1 |
|
|a фасонная правка
|
| 610 |
1 |
|
|a контроль качества
|
| 675 |
|
|
|a 621.951.4
|z rus
|v 3
|
| 700 |
|
1 |
|a Криштопа
|b Н. А.
|g Николай Александрович
|4 070
|
| 701 |
|
1 |
|a Родина
|b Т. П.
|g Татьяна Петровна
|4 070
|
| 801 |
|
0 |
|a RU
|b RuMRKP
|c 19950704
|g psbo
|
| 801 |
|
1 |
|a RU
|b 63413507
|c 20151130
|
| 801 |
|
2 |
|a RU
|b 63413507
|c 20190926
|g RCR
|
| 942 |
|
|
|c BK
|